Slam dunk / (Record no. 88)

MARC details
000 -LEADER
fixed length control field 01501nam a22004097a 4500
001 - CONTROL NUMBER
control field 88
003 - CONTROL NUMBER IDENTIFIER
control field FISKH
005 - DATE AND TIME OF LATEST TRANSACTION
control field 20231004141844.0
008 - FIXED-LENGTH DATA ELEMENTS--GENERAL INFORMATION
fixed length control field 230222b cb ||||| |||| 00| 0 eng d
010 ## - LIBRARY OF CONGRESS CONTROL NUMBER
LC control number 2012285135
020 ## - INTERNATIONAL STANDARD BOOK NUMBER
International Standard Book Number 9780545488761 (hc.)
020 ## - INTERNATIONAL STANDARD BOOK NUMBER
International Standard Book Number 0545488761 (hc.)
020 ## - INTERNATIONAL STANDARD BOOK NUMBER
International Standard Book Number 9780545387613 (pbk.)
020 ## - INTERNATIONAL STANDARD BOOK NUMBER
International Standard Book Number 0545387612 (pbk.)
035 ## - SYSTEM CONTROL NUMBER
System control number (OCoLC)ocn811575852
040 ## - CATALOGING SOURCE
Original cataloging agency UPZ
Language of cataloging eng
Transcribing agency UPZ
Modifying agency YDXCP
-- BTCTA
-- SINLB
-- OCLCO
-- HSA
-- NYP
-- JP3
-- IHI
-- ILC
-- ZGH
-- DLC
-- FISKH
042 ## - AUTHENTICATION CODE
Authentication code lccopycat
050 00 - LIBRARY OF CONGRESS CALL NUMBER
Classification number PZ7.S8882
Item number Sl 2013
082 04 - DEWEY DECIMAL CLASSIFICATION NUMBER
Classification number 486
Edition number 23
100 1# - MAIN ENTRY--PERSONAL NAME
Personal name Stoudemire, Amar'e.
245 10 - TITLE STATEMENT
Title Slam dunk /
Statement of responsibility, etc. by Amar'e Stoudemire ; illustrated by Tim Jessell.
260 ## - PUBLICATION, DISTRIBUTION, ETC.
Place of publication, distribution, etc. New York :
Name of publisher, distributor, etc. Scholastic Press,
Date of publication, distribution, etc. c2013.
300 ## - PHYSICAL DESCRIPTION
Extent 142 p. :
Other physical details ill. ;
Dimensions 22 cm.
490 1# - SERIES STATEMENT
Series statement STAT ;
Volume/sequential designation 3
520 ## - SUMMARY, ETC.
Summary, etc. When some of the older kids get on Amar'e for not being able to dunk, he sets a goal to make that happen soon. But when Amar'e's playing time is put on hold, he'll have to come to terms with all of the other things he's been neglecting.
521 8# - TARGET AUDIENCE NOTE
Target audience note 600 <br/>
Source Lexile
521 8# - TARGET AUDIENCE NOTE
Target audience note O <br/>
Source Raz-Plus
600 10 - SUBJECT ADDED ENTRY--PERSONAL NAME
Personal name Stoudemire, Amar'e
Form subdivision Juvenile fiction.
650 #0 - SUBJECT ADDED ENTRY--TOPICAL TERM
Topical term or geographic name entry element Basketball players
Form subdivision Juvenile fiction.
650 #0 - SUBJECT ADDED ENTRY--TOPICAL TERM
Topical term or geographic name entry element Friendship
Form subdivision Juvenile fiction.
650 #0 - SUBJECT ADDED ENTRY--TOPICAL TERM
Topical term or geographic name entry element Basketball stories.
650 #1 - SUBJECT ADDED ENTRY--TOPICAL TERM
Topical term or geographic name entry element Basketball
Form subdivision Fiction.
700 1# - ADDED ENTRY--PERSONAL NAME
Personal name Jessell, Tim,
Relator term ill.
800 1# - SERIES ADDED ENTRY--PERSONAL NAME
Personal name Stoudemire, Amar'e.
Title of a work STAT ;
Volume/sequential designation 3.
906 ## - LOCAL DATA ELEMENT F, LDF (RLIN)
a 7
b cbc
c copycat
d 2
e ncip
f 20
g y-gencatlg
942 ## - ADDED ENTRY ELEMENTS (KOHA)
Source of classification or shelving scheme Dewey Decimal Classification
Koha item type Books
Suppress in OPAC No
Holdings
Withdrawn status Lost status Source of classification or shelving scheme Damaged status Not for loan Collection Home library Current library Shelving location Date acquired Total Checkouts Full call number Barcode Date last seen Date last checked out Copy number Price effective from Koha item type
    Dewey Decimal Classification     Juvenile Fiction Footprints International School Library Network Toul Kork Campus Footprints International School Library Network Toul Kork Campus TK Primary Library Room(4th Floor), Bookcase 3&4, Shelves 17-32, Yellow Books 02/22/2023 1 STO 486 PZ7.58882 FISTK00456 12/09/2025 08/29/2025 1 02/22/2023 Books
    Dewey Decimal Classification     Juvenile Fiction Footprints International School Library Network Toul Kork Campus Footprints International School Library Network Toul Kork Campus TK Primary Library Room(4th Floor), Bookcase 3&4, Shelves 17-32, Yellow Books 02/22/2023 2 STO 486 PZ7.58882 FISTK05444 12/19/2025 10/31/2025 2 02/22/2023 Books